书目信息 |
| 题名: |
太和六路拳
|
|
| 作者: | 范克平 , 范冠华 译著 | |
| 分册: | ||
| 出版信息: | 呼和浩特 内蒙古人民出版社 2008 |
|
| 页数: | 216页 | |
| 开本: | 21cm | |
| 丛书名: | ||
| 单 册: | ||
| 中图分类: | G852.19 | |
| 科图分类: | ||
| 主题词: | 拳术--套路(武术)--中国 , 拳术 , 套路(武术) | |
| 电子资源: | ||
| ISBN: | 978-7-204-01034-9 | |
| 000 | 00795nam0 2200277 45 | |
| 001 | 1130692577 | |
| 005 | 20110310095044.26 | |
| 010 | @a978-7-204-01034-9@dCNY28.00 | |
| 100 | @a20110123d2008 ekmy0chiy0120 ea | |
| 101 | 0 | @achi |
| 102 | @aCN@b150000 | |
| 105 | @ay z 000yy | |
| 106 | @ar | |
| 200 | 1 | @a太和六路拳@ATai He Liu Lu Quan@f范克平,范冠华译著@FFan Ke Ping, Fan Guan Hua Yi Zhu |
| 205 | @a2版 | |
| 210 | @a呼和浩特@c内蒙古人民出版社@d2008 | |
| 215 | @a216页@d21cm | |
| 300 | @a功家秘法宝藏.卷5,拳法兵器 | |
| 606 | 0 | @a拳术@x套路(武术)@y中国 |
| 606 | 0 | @a拳术 |
| 606 | 0 | @a套路(武术) |
| 690 | @aG852.19@v4 | |
| 701 | 0 | @a范克平@AFan Ke Ping@4译著 |
| 701 | 0 | @a范冠华@AFan Guan Hua@4译著 |
| 801 | 0 | @aCN@bTANGWEI@c20110310 |
| 905 | @b0531332-33@dG852.19@e202=2@f2 | |
| 太和六路拳/范克平,范冠华译著.-2版.-呼和浩特:内蒙古人民出版社,2008 |
| 216页;21cm |
| 功家秘法宝藏.卷5,拳法兵器 |
| ISBN 978-7-204-01034-9:CNY28.00 |
| ● |
| 相关链接 |
|
|
|
|
正题名:太和六路拳
索取号:G852.19/202=2
 
预约/预借
| 序号 | 登录号 | 条形码 | 馆藏地/架位号 | 状态 | 备注 |
| 1 | 0531332 | 205313329 | 第一样本阅览室/ [索取号:G852.19/202=2] | 在馆 | |
| 2 | 0531333 | 205313338 | 密集书库-体育系/ [索取号:G852.19/202=2] | 在馆 |